• 首页
  • 本馆介绍
  • 公告通知
  • 最新文献
  • 馆藏检索
  • 电子资源
  • 读者导购
  • 参考咨询
  • 我的图书馆
  • 登录
  • 详细信息显示
  • 放入我的书架
  • 预约/预借图书
  • 作者相关作品
  • 分类相关作品
  • 丛书相关作品
  • 出版社相关作品

书目信息

  • 表格格式
  • 工作单格式
  • 卡片格式
题名:
中国洁净煤技术
    
 
作者: 徐振刚 , 曲思建 主编
分册:  
出版信息: 北京   煤炭工业出版社  2012.04
页数: 431页
开本: 29cm
丛书名:
单 册:
中图分类: TD942
科图分类:
主题词: 清洁煤--技术--中国 , 清洁煤
电子资源:
ISBN: 978-7-5020-3959-2
000 00901nam0 2200253 450
001 010050010992
005 20140611151703.17
010    @a978-7-5020-3959-2@b精装@dCNY120.00
100    @a20120725d2012 em y0chiy0110 ea
101 0  @achi
102    @aCN@b110000
105    @aa z 000yy
106    @ar
200 1  @a中国洁净煤技术@9zhong guo jie jing mei ji shu@f徐振刚,曲思建主编
210    @a北京@c煤炭工业出版社@d2012.04
215    @a431页@c图@d29cm
330    @a本书结合我国洁净煤技术的研究和应用实际,全面系统地介绍了我国洁净煤技术的现状和发展趋势,内容涉及方针政策、煤炭的清洁生产、煤炭分选和脱硫、水煤浆、型煤、煤的气化、煤的液化等清洁煤技术的各个方面。
606 0  @a清洁煤@x技术@y中国
606 0  @a清洁煤
690    @aTD942@v5
701  0 @a徐振刚@9xu zhen gang@f(1960~)@4主编
701  0 @a曲思建@9qu si jian@4主编
801  0 @aCN@bNLC@c20120828
905    @b549600-01@dTD942@e29@f2
    
    中国洁净煤技术/徐振刚,曲思建主编.-北京:煤炭工业出版社,2012.04
    431页:图;29cm
    
    
    ISBN 978-7-5020-3959-2(精装):CNY120.00
    本书结合我国洁净煤技术的研究和应用实际,全面系统地介绍了我国洁净煤技术的现状和发展趋势,内容涉及方针政策、煤炭的清洁生产、煤炭分选和脱硫、水煤浆、型煤、煤的气化、煤的液化等清洁煤技术的各个方面。
●
相关链接 在E读中查询图书 在五车中查询图书 在当当中查询图书 在豆瓣中查询图书


正题名:中国洁净煤技术     索取号:TD942/29         预约/预借

序号 登录号 条形码 馆藏地/架位号 状态 备注
1 549600   205496006   第二样本阅览室/ [索取号:TD942/29] 在馆    
2 549601   205496015   第三借阅区/ [索取号:TD942/29] 在馆    
唐山师范学院图书馆 欢迎您!
大连网信软件有限公司© 版权所有